000 00454nam a22001577a 4500
020 _a9780195339444
082 _a306.362
_bDAV/I
100 _aDavid Brion Davis
245 _aIn human bondage:
_bthe rise and fall of slavery in the New World/
_cby David Brion Davis
260 _aNew Delhi:
_bOxford University Press,
_c2008.
300 _a440p.
650 _aSlavery
650 _aAntislavery Movements
650 _aSocial Sciences
942 _cBK
999 _c149947
_d149947